=LDR 00000nam 2200000 4500 =001 INLIS000000000058875 =005 20211013012012 =035 ##$$a 0010-1021000323 =007 ta =008 211013###########################0#ind## =020 ##$$a 978-602-6348-74-6 =082 ##$$a 302.222 =084 ##$$a 302.222 Ast m =245 1#$$a Membaca Pikiran : $b Membaca yang tak terkatakan /$c Astrid savitra =300 ##$$a 191 halaman : $b ilustrasi ; $c 20 cm =650 #4$$a Komunikasi Nonverbal =264 ##$$a Depok :$b Senja media utama,$c Tidak teridentifikasi =336 ##$$a teks$2 rdacontent =337 ##$$a lain-lain$2 rdamedia =338 ##$$a lain-lain$2 rdacarrier =990 ##$$a 19011901 =990 ##$$a 19011901